SOY LA REVOLUCION (Registro nro. 14342)
[ vista simple ]
| 000 -LEADER | |
|---|---|
| fixed length control field | 00423nam a2200169 a 4500 |
| 001 - CONTROL NUMBER | |
| control field | 14342 |
| 005 - DATE AND TIME OF LATEST TRANSACTION | |
| control field | 20180713202823.0 |
| 008 - FIXED-LENGTH DATA ELEMENTS--GENERAL INFORMATION | |
| fixed length control field | 140415s1992 mx 000 0 spa d |
| 041 ## - LANGUAGE CODE | |
| Language code of text/sound track or separate title | spa |
| 082 ## - DEWEY DECIMAL CLASSIFICATION NUMBER | |
| Classification number | 303.4 |
| Item number | BOR |
| 100 1# - MAIN ENTRY--PERSONAL NAME | |
| Personal name | BORREGO E., SALVADOR |
| 245 10 - TITLE STATEMENT | |
| Title | SOY LA REVOLUCION |
| 250 ## - EDITION STATEMENT | |
| Edition statement | 2a ed. |
| 260 ## - PUBLICATION, DISTRIBUTION, ETC. | |
| Place of publication, distribution, etc. | MEXICO : |
| Name of publisher, distributor, etc. | TIPOGRAFIAS EDITORIALES, |
| Date of publication, distribution, etc. | 1992 |
| 300 ## - PHYSICAL DESCRIPTION | |
| Extent | 99 |
| 650 14 - SUBJECT ADDED ENTRY--TOPICAL TERM | |
| Topical term or geographic name entry element | CAMBIO SOCIAL |
| Withdrawn status | Lost status | Source of classification or shelving scheme | Damaged status | Not for loan | Collection code | Home library | Current library | Shelving location | Date acquired | Source of acquisition | Inventory number | Total Checkouts | Full call number | Barcode | Date last seen | Price effective from | Koha item type |
|---|---|---|---|---|---|---|---|---|---|---|---|---|---|---|---|---|---|
| Dewey Decimal Classification | General | Biblioteca Karol Wojtyla | Biblioteca Karol Wojtyla | Sala general | 03/12/2013 | Compra | 151000000000000000054394 | 303.4 BOR | 31467 | 05/01/2026 | 03/12/2013 | Libro |